000
00268nam a2200109Ia 4500
005
20251222114413.0
008
251222s1900||||xx |||||||||||||| ||spa||
082
_a
DVD0093/U61U/2003
245
0
_a
Tercer congreso de UMAEL.
264
_b
Universidad La Salle
942
_c
DVD
999
_c
2109
_d
2109